How to Break Free from Drug Abuse Addiction (Record no. 4100)

MARC details
000 -LEADER
fixed length control field 00321nam a22001217a 4500
005 - DATE AND TIME OF LATEST TRANSACTION
control field 20230307093530.0
008 - FIXED-LENGTH DATA ELEMENTS--GENERAL INFORMATION
fixed length control field 220929b ||||| |||| 00| 0 eng d
040 ## - CATALOGING SOURCE
Original cataloging agency DLC
Transcribing agency DLC
050 ## -
-- RC92
-- .W23 2022
245 ## - TITLE STATEMENT
Title How to Break Free from Drug Abuse Addiction
Statement of responsibility, etc Wabbas Pius
260 ## - PUBLICATION, DISTRIBUTION, ETC. (IMPRINT)
Name of publisher, distributor, etc Wabbas
Date of publication, distribution, etc 2022
942 ## - ADDED ENTRY ELEMENTS (KOHA)
Source of classification or shelving scheme
Item type Book
Holdings
Withdrawn status Lost status Source of classification or shelving scheme Damaged status Not for loan Home library Current library Shelving location Date acquired Source of acquisition Total Checkouts Full call number Barcode Date last seen Copy number Price effective from Koha item type
          Sid Ahmed Baba Library Sid Ahmed Baba Library General Stacks 02/22/2022 AfDB Hall   RC92.W23 2022 4359 09/29/2022 2 09/29/2022 Book